ARRUPE JESUIT UNIVERSITY

CORONAVIRUS -STOP THE SPREAD - CLEAN,DISINFECT,COVER

The second creation : (Record no. 121566)

MARC details
000 -LEADER
fixed length control field 01035cam a2200337 a 4500
001 - CONTROL NUMBER
control field 492079
003 - CONTROL NUMBER IDENTIFIER
control field ARRUPE
005 - DATE AND TIME OF LATEST TRANSACTION
control field 20150109125746.0
008 - FIXED-LENGTH DATA ELEMENTS--GENERAL INFORMATION
fixed length control field 860707s1986 nyua b 001 0 eng
010 ## - LIBRARY OF CONGRESS CONTROL NUMBER
LC control number 85023370
020 ## - INTERNATIONAL STANDARD BOOK NUMBER
International Standard Book Number 0025214403
035 ## - SYSTEM CONTROL NUMBER
System control number (OCoLC)13008048
035 ## - SYSTEM CONTROL NUMBER
System control number (OCoLC)ocm13008048
035 ## - SYSTEM CONTROL NUMBER
System control number (CStRLIN)NYCG86-B70520
035 ## - SYSTEM CONTROL NUMBER
System control number (NNC)492079
040 ## - CATALOGING SOURCE
Modifying agency CStRLIN
Transcribing agency ddff
050 0# - LIBRARY OF CONGRESS CALL NUMBER
Classification number QC7
Item number .C74 1986
082 0# - DEWEY DECIMAL CLASSIFICATION NUMBER
Classification number 539/.09
Edition number 19
090 ## - LOCALLY ASSIGNED LC-TYPE CALL NUMBER (OCLC); LOCAL CALL NUMBER (OCLC)
Classification number (OCLC) (R) ; Classification number, CALL (RLIN) (NR) QC7
Local cutter number (OCLC) ; Book number/undivided call number, CALL (RLIN) .C74 1986
300 ## - PHYSICAL DESCRIPTION
Other physical details ill. ;
Dimensions 25 cm.
100 1# - MAIN ENTRY--PERSONAL NAME
Personal name Crease, Robert P.
9 (RLIN) 13653
245 14 - TITLE STATEMENT
Title The second creation :
Remainder of title makers of the revolution in twentieth-century physics /
Statement of responsibility, etc Robert P. Crease and Charles C. Mann.
260 ## - PUBLICATION, DISTRIBUTION, ETC. (IMPRINT)
Place of publication, distribution, etc New York :
Name of publisher, distributor, etc MacMillan,
Date of publication, distribution, etc c1986.
300 ## - PHYSICAL DESCRIPTION
Extent xi, 480 p. :
500 ## - GENERAL NOTE
General note Includes index.
504 ## - BIBLIOGRAPHY, ETC. NOTE
Bibliography, etc Bibliography: p. 421-463.
650 #0 - SUBJECT ADDED ENTRY--TOPICAL TERM
Topical term or geographic name as entry element Physics
General subdivision History.
9 (RLIN) 13654
650 #0 - SUBJECT ADDED ENTRY--TOPICAL TERM
Topical term or geographic name as entry element Grand unified theories (Nuclear physics)
General subdivision History.
9 (RLIN) 13655
700 1# - ADDED ENTRY--PERSONAL NAME
Personal name Mann, Charles C.
9 (RLIN) 13656
942 ## - ADDED ENTRY ELEMENTS (KOHA)
Source of classification or shelving scheme Library of Congress Classification
Koha item type Monograph ( Printed materials)
Holdings
Withdrawn status Lost status Source of classification or shelving scheme Damaged status Not for loan Collection code Home library Current library Shelving location Date acquired Total Checkouts Full call number Barcode Date last seen Price effective from Koha item type
    Library of Congress Classification     Main Collection ARRUPE LIBRARY ARRUPE LIBRARY Main Collection 09/01/2015   QC7 .C74 1986 46500003352 02/07/2019 09/01/2015 Monograph ( Printed materials)

 

Arrupe Library. PO Box MP320 Mt Pleasant, Harare, Zimbabwe
263 242 745411|librarian@aju.ac.zw